Fundamentals of organizational behavior

Đã lưu trong:
Sonraí Bibleagrafaíochta
Príomhúdar: Slocum, John W
Údair Eile: Hellriegel, Don
Formáid: Leabhar
Teanga:Undetermined
Foilsithe: Mason, OH Thomson South-Western 2007
Ábhair:
Rochtain Ar Líne:http://lrc.tdmu.edu.vn/opac/search/detail.asp?aID=2&ID=7465
Clibeanna: Cuir Clib Leis
Gan Chlibeanna, Bí ar an gcéad duine leis an taifead seo a chlibeáil!
Thư viện lưu trữ: Trung tâm Học liệu Trường Đại học Thủ Dầu Một
LEADER 00629nam a2200205Ia 4500
001 TDMU_7465
008 210410s9999 xx 000 0 und d
082 |a 158.7 
090 |b S419 
100 |a Slocum, John W 
245 0 |a Fundamentals of organizational behavior 
245 0 |c John W. Slocum, Don Hellriegel 
260 |a Mason, OH 
260 |b Thomson South-Western 
260 |c 2007 
300 |a xxv, 478 p 
650 |a Organizational behavior 
700 |a Hellriegel, Don 
856 |u http://lrc.tdmu.edu.vn/opac/search/detail.asp?aID=2&ID=7465 
980 |a Trung tâm Học liệu Trường Đại học Thủ Dầu Một